[Event "BCF-chT4S 1617 (4NCL)"]
[Site "England"]
[Date "2017.01.15"]
[Round "4.71"]
[White "Remus Elliot, Luke"]
[Black "Pafura, Godfrey"]
[Result "1-0"]
[WhiteElo "1779"]
[BlackElo "1979"]
[PlyCount "65"]
[EventDate "2016.11.26"]
[EventType "team-swiss"]
[EventRounds "11"]
[EventCountry "ENG"]
[SourceTitle "EXT 2019"]
[Source "ChessBase"]
[SourceDate "2018.10.10"]
[SourceVersion "1"]
[SourceVersionDate "2018.10.10"]
[SourceQuality "1"]
[WhiteTeam "Wood Green III"]
[BlackTeam "Throw in the Tal"]
[WhiteTeamCountry "ENG"]
[BlackTeamCountry "ENG"]

1. e4 c6 2. d4 d5 3. Nc3 e6 4. Nf3 Bb4 5. Bd3 dxe4 6. Bxe4 Nf6 7. Bg5 Bxc3+ 8. bxc3 Qa5 9. Bd3 Qxc3+ 10. Bd2 Qa3 11. Ne5 0-0 12. 0-0 Nbd7 13. Bg5 Nxe5 14. dxe5 Nd5 15. Qh5 g6 16. Qh6 Qc3 17. f4 f5 18. exf6 Nxf6 19. Bxg6 hxg6 20. Qxg6+ Kh8 21. Rad1 Nh7 22. Rf3 Qg7 23. Qh5 Qf7 24. Qh4 b6 25. Rh3 Qf5 26. Rd8 Rxd8 27. Bf6+ Kg8 28. Rg3+ Kf7 29. Bxd8 Nf6 30. Bxf6 e5 31. Bd8 Ke6 32. Rd3 Qf8 33. f5+ 1-0

[Event "BCF-ch U15"]
[Site "Bournemouth"]
[Date "2016.08.03"]
[Round "5"]
[White "Sivarajasingam, Shayanna"]
[Black "Remus Elliot, Luke"]
[Result "0-1"]
[WhiteElo "1622"]
[BlackElo "1739"]
[PlyCount "124"]
[EventDate "2016.07.31"]
[EventType "swiss"]
[EventRounds "7"]
[EventCountry "ENG"]
[SourceTitle "CBM 173 Extra"]
[Source "ChessBase"]
[SourceDate "2016.08.29"]
[SourceVersion "1"]
[SourceVersionDate "2016.08.29"]
[SourceQuality "1"]

1. e4 c5 2. Nf3 Nc6 3. Bb5 g6 4. 0-0 Bg7 5. Re1 Nf6 6. e5 Nd5 7. Nc3 Nc7 8. Bxc6 dxc6 9. Ne4 Ne6 10. d3 0-0 11. Be3 b6 12. a4 Nd4 13. Bxd4 cxd4 14. h3 c5 15. a5 Bb7 16. axb6 axb6 17. Qe2 Qc7 18. Ned2 Bd5 19. c3 dxc3 20. bxc3 b5 21. Reb1 Rxa1 22. Rxa1 b4 23. cxb4 cxb4 24. Nc4 Qb7 25. Na5 Qc7 26. Nc4 f6 27. exf6 Rxf6 28. Ra4 Qb7 29. Kf1 b3 30. Qd1 Bxf3 31. gxf3 b2 32. Nd2 Rxf3 33. Qb1 Rxh3 34. Qa2+ Kh8 35. Ra8+ Bf8 36. Rxf8+ Kg7 37. Qf7+ Kh6 38. Qa2 Rxd3 39. Ke2 Rxd2+ 40. Kxd2 b1Q 41. Qxb1 Qxb1 42. Rf3 Kg5 43. Rg3+ Kf4 44. Re3 Qb2+ 45. Kd3 Qxf2 46. Rxe7 Qf3+ 47. Kd2 Qd5+ 48. Ke2 Qb5+ 49. Kd1 Qd3+ 50. Ke1 Qe3+ 51. Rxe3 Kxe3 52. Kf1 Kf3 53. Kg1 Kg3 54. Kh1 Kf2 55. Kh2 g5 56. Kh1 h5 57. Kh2 g4 58. Kh1 h4 59. Kh2 g3+ 60. Kh1 g2+ 61. Kh2 g1Q+ 62. Kh3 Qg3# 0-1

[Event "BCF-ch U16"]
[Site "Bournemouth"]
[Date "2016.07.24"]
[Round "1"]
[White "Warr Esser, Alexandre"]
[Black "Remus Elliot, Luke"]
[Result "1-0"]
[WhiteElo "2004"]
[BlackElo "1739"]
[PlyCount "115"]
[EventDate "2016.07.24"]
[EventType "swiss"]
[EventRounds "7"]
[EventCountry "ENG"]
[SourceTitle "EXT 2017"]
[Source "ChessBase"]
[SourceDate "2016.10.25"]
[SourceVersion "1"]
[SourceVersionDate "2016.10.25"]
[SourceQuality "1"]

1. e4 c5 2. Nf3 Nc6 3. Bb5 g6 4. Bxc6 dxc6 5. d3 Bg7 6. h3 Nf6 7. Nc3 0-0 8. 0-0 Qc7 9. Be3 Nd7 10. Qd2 Rd8 11. Rad1 b5 12. Bh6 Nb6 13. Bxg7 Kxg7 14. b3 c4 15. Qe3 cxb3 16. axb3 a5 17. Ra1 Bd7 18. Qc5 b4 19. Nb5 Qb7 20. Nbd4 Nc8 21. Rxa5 Qb6 22. Qxb6 Nxb6 23. Rfa1 c5 24. Rxa8 Rxa8 25. Rxa8 Nxa8 26. Ne5 Nb6 27. Nxd7 Nxd7 28. Ne2 e5 29. f4 f6 30. Kf2 Kf7 31. Ke3 Nb8 32. c3 Nc6 33. fxe5 fxe5 34. d4 cxd4+ 35. cxd4 exd4+ 36. Nxd4 Na5 37. e5 Nb7 38. Ke4 Nc5+ 39. Kd5 Nd3 40. Kd6 Ke8 41. Ne6 Nf2 42. Nc5 Nd1 43. Nd3 Ne3 44. Nxb4 Nxg2 45. Na6 Ne3 46. b4 Nf5+ 47. Ke6 Nd4+ 48. Kf6 Nb5 49. Nc5 Nc7 50. Kg7 Nd5 51. b5 Kd8 52. Kxh7 Nf4 53. h4 Ng2 54. Kxg6 Nxh4+ 55. Kf6 Nf3 56. b6 Nd4 57. Ne6+ Nxe6 58. Kxe6 1-0

[Event "Gibraltar U16 op 5th"]
[Site "Gibraltar"]
[Date "2015.08.23"]
[Round "5"]
[White "Remus Elliot, Luke"]
[Black "Guerrero Mendez, Luis"]
[Result "0-1"]
[WhiteElo "1577"]
[BlackElo "1804"]
[PlyCount "112"]
[EventDate "2015.08.21"]
[EventType "swiss"]
[EventRounds "6"]
[EventCountry "ENG"]
[SourceTitle "EXT 2025"]
[Source "ChessBase"]
[SourceDate "2024.10.14"]
[SourceVersion "1"]
[SourceVersionDate "2024.10.14"]
[SourceQuality "1"]

1. e4 e6 2. d4 d5 3. exd5 exd5 4. Bd3 Bd6 5. c3 Ne7 6. Bg5 h6 7. Bh4 0-0 8. Nf3 c6 9. Nbd2 Qc7 10. Qc2 Re8 11. 0-0-0 Bg4 12. h3 Bxf3 13. Nxf3 g5 14. Bg3 Bxg3 15. fxg3 Qxg3 16. Ne5 f6 17. Bh7+ Kg7 18. Ng6 Qe3+ 19. Kb1 Qe4 20. Qxe4 dxe4 21. Nxe7 Kxh7 22. Nf5 Na6 23. Rde1 Re6 24. Re3 Kg6 25. g4 Nc7 26. Rhe1 Rae8 27. c4 b5 28. b3 a5 29. Ng3 a4 30. bxa4 bxc4 31. Rxe4 Rxe4 32. Rxe4 Ra8 33. Nf5 Nd5 34. Re6 Rxa4 35. Rxc6 Ra3 36. Rxc4 Rxh3 37. Rc5 Ne3 38. Nxe3 Rxe3 39. d5 Re4 40. d6 Rxg4 41. d7 Rd4 42. Rc7 h5 43. a4 h4 44. a5 h3 45. Rc3 g4 46. Rc1 Rxd7 47. Rh1 Ra7 48. Kc2 Rxa5 49. Kd3 Re5 50. Kd4 Re8 51. Rh2 f5 52. Kd3 Kg5 53. Rh1 Kh4 54. Rf1 h2 55. Rxf5 h1Q 56. Kc2 Qe4+ 0-1

[Event "BCF-ch U13"]
[Site "Aberystwyth"]
[Date "2014.07.23"]
[Round "2"]
[White "Cocks, Elliot"]
[Black "Remus Elliot, Luke"]
[Result "1-0"]
[WhiteElo "100"]
[BlackElo "129"]
[PlyCount "127"]
[EventDate "2014.07.22"]
[EventType "swiss"]
[EventRounds "7"]
[EventCountry "WLS"]
[SourceTitle "CBM 161 Extra"]
[Source "ChessBase"]
[SourceDate "2014.08.29"]
[SourceVersion "1"]
[SourceVersionDate "2014.08.29"]
[SourceQuality "1"]

1. e4 c5 2. a3 Nc6 3. b4 b6 4. b5 Nb8 5. Bb2 Bb7 6. d3 Nf6 7. Nd2 g6 8. Ngf3 Bg7 9. g3 0-0 10. Bg2 Qc7 11. 0-0 Rd8 12. Qe2 e6 13. Bxf6 Bxf6 14. e5 Bg7 15. Ne4 d5 16. exd6 Qd7 17. Rab1 f5 18. Neg5 Qxd6 19. Qxe6+ Qxe6 20. Nxe6 Rd7 21. Nxg7 Rxg7 22. Rfe1 Nd7 23. Ne5 Bxg2 24. Kxg2 Nf6 25. Nc6 Nd5 26. Re5 Rd7 27. Rxd5 Rxd5 28. Ne7+ Kf7 29. Nxd5 Re8 30. Kf1 Re5 31. c4 Re8 32. Re1 Ra8 33. Re7+ Kf8 34. Rxh7 Re8 35. Rh8+ Kf7 36. Rxe8 Kxe8 37. Ke2 Kd7 38. Ke3 Ke6 39. Kf4 Kd6 40. Kg5 Ke5 41. Kxg6 Kd4 42. Kxf5 Kxd3 43. h4 Kxc4 44. Nc7 Kb3 45. h5 c4 46. Nd5 c3 47. Nxc3 Kxc3 48. h6 Kb3 49. h7 Ka4 50. h8Q Kxb5 51. Qa8 a5 52. g4 a4 53. g5 Kc5 54. Qxa4 b5 55. Qxb5+ Kxb5 56. g6 Kc4 57. g7 Kd3 58. g8Q Ke2 59. Ke4 Kf1 60. Qg3 Ke2 61. f4 Kd2 62. Qb3 Ke2 63. Qc2+ Kf1 64. Kf3 1-0